Foreign banks and stock companies in Roumania.

Bibliographic Details
Corporate Author: United States. Department of Commerce
Format: Government Document eBook
Language:English
Published: [Washington] : GPO, 1919.
Subjects:
Online Access:Connect to the full text of this electronic document

MARC

Tag First Indicator Second Indicator Subfields
LEADER 00000cam a22000001a 4500
001 in00003665613
006 m o d f
007 cr bn mmmapmmp
008 141202s1919 dcu o f000 0 eng d
005 20260611133418.2
035 |a ebd1910208665 
040 |a UMI  |c UMI  |d UtOrBLW 
086 0 |a C 18.5:919/188 
099 |a C18.5-8.188 
110 1 |a United States.  |b Department of Commerce.  |0 http://id.loc.gov/authorities/names/n79071034 
245 1 0 |a Foreign banks and stock companies in Roumania. 
264 1 |a [Washington] :  |b GPO,  |c 1919. 
300 |a 1 online resource (pages 833-848 pages) 
336 |a text  |b txt  |2 rdacontent 
337 |a computer  |b c  |2 rdamedia 
338 |a online resource  |b cr  |2 rdacarrier 
500 |a Daily report presenting information on trade and economic conditions worldwide. Includes articles and notes on world trade, manufacturing, natural resources, government finances, foreign exchange, commercial laws, and economic and market conditions. 
533 |a Electronic reproduction.  |b [Bethesda, Md.] :  |c ProQuest,  |d 2014.  |e digital, PDF file.  |n ProQuest U.S. Executive Branch Documents  |n Mode of access: World Wide Web via ProQuest website. 
588 |a Record is based on online resource; title from PDF title page (ProQuest, last viewed Dec. 2014). Reuse except for individual research requires license from ProQuest, LLC. 
500 |a Electronic resource. 
650 0 |a Banks and banking.  |0 http://id.loc.gov/authorities/subjects/sh85011609 
650 0 |a Corporations, Foreign.  |0 http://id.loc.gov/authorities/subjects/sh85032974 
650 0 |a Investments, Foreign.  |0 http://id.loc.gov/authorities/subjects/sh85067736 
651 0 |a Romania.  |0 http://id.loc.gov/authorities/names/n79049551 
655 7 |a Electronic books.  |2 local 
856 4 0 |u http://proxy.library.tamu.edu/login?url=https://congressional.proquest.com/congressional/docview/t66.d71.c18.5-8.188  |z Connect to the full text of this electronic document  |t 0 
999 f f |s 6e0524e8-272b-3e79-912e-68c60213b6ec  |i f4189efb-bfc3-389a-ab4a-ad2b67bd1b22  |t 0 
952 f f |a Texas A&M University  |b College Station  |c Electronic Resources  |s www_evans  |d Available Online  |t 0  |h No information provided 
998 f f |t 0  |l Available Online